Central Library OPAC University of Rajshahi

Short-term psychotherapy and structured behavior change / (Record no. 1483)

MARC details
000 -LEADER
fixed length control field 00844cam a22002651 4500
001 - CONTROL NUMBER
control field 1483
003 - CONTROL NUMBER IDENTIFIER
rucl marc code BD-RjUL
005 - DATE AND TIME OF LATEST TRANSACTION
control field 20211208233339.0
008 - FIXED-LENGTH DATA ELEMENTS--GENERAL INFORMATION
fixed length control field 131125s1966 nyua b 001 0 eng d
035 ## - SYSTEM CONTROL NUMBER
System control number (BD-RjUL)1506
040 ## - CATALOGING SOURCE
Original cataloging agency DLC
Transcribing agency DLC
Modifying agency DLC
-- BD-RjUL
Language of cataloging eng
041 ## - LANGUAGE CODE
Language code of text/sound track or separate title eng
082 00 - DEWEY DECIMAL CLASSIFICATION NUMBER
Classification number 616.89
Author mark and year PHS 1966
100 1# - MAIN ENTRY--PERSONAL NAME
Personal name Phillips, E. Lakin
Fuller form of name (Ewing Lakin),
Dates associated with a name 1915-1994.
9 (RLIN) 4387
245 10 - TITLE STATEMENT
Title Short-term psychotherapy and structured behavior change /
Statement of responsibility, etc. by E. Lakin Phillips [and] Daniel N. Wiener.
260 ## - PUBLICATION, DISTRIBUTION, ETC. (IMPRINT)
Place of publication, distribution, etc. New York :
Name of publisher, distributor, etc. McGraw-Hill;
Date of publication, distribution, etc. 1966.
300 ## - PHYSICAL DESCRIPTION
Pagination xi, 244 p.
Illustrations illus.
Size 23 cm.
504 ## - BIBLIOGRAPHY, ETC. NOTE
Bibliography, etc Bibliography: p. 225-238.
Bibliography, etc Index: p. 239-244.
650 #0 - SUBJECT ADDED ENTRY--TOPICAL TERM
Topical term or geographic name as entry element Psychotherapy.
9 (RLIN) 4388
700 1# - ADDED ENTRY--PERSONAL NAME
Personal name Wiener, Daniel N.
Fuller form of name (Daniel Norman),
Relator term joint author.
942 ## - ADDED ENTRY ELEMENTS (KOHA)
Source of classification or shelving scheme Dewey Decimal Classification
Koha item type Books
Holdings
Lost status Source of classification or shelving scheme Damaged status Not for loan Collection code Permanent Location Current Location Shelving location Date acquired Source of acquisition Cost, normal purchase price Total Checkouts Full call number Date last seen Copy number Koha item type
  Dewey Decimal Classification   Not For Loan Non-fiction Central Library, University of Rajshahi Central Library, University of Rajshahi Reading Room 17/11/1970 Zeitlinger 86.00   616.89 PHS 1966 25/11/2013 C-1 Books
  Dewey Decimal Classification     Non-fiction Central Library, University of Rajshahi Central Library, University of Rajshahi   17/11/1970 Zeitlinger. 86.00   616.89 PHS 1966 03/04/2014 C-2 Books
  Dewey Decimal Classification     Non-fiction Central Library, University of Rajshahi Central Library, University of Rajshahi   17/11/1970 Zeitlinger 86.00   616.89 PHS 1966 14/03/2015 C-3 Books